Statistics for Vancouver Canuck Captains

Click here to take the quiz!

General Stats

  • This quiz has been taken 144 times
  • The average score is 7 of 14

Answer Stats

Years as captain Captain % Correct
2010-presentHenrik Sedin
99%
2000-08Markus Naslund
90%
1990-91Trevor Linden
89%
2008-10Roberto Luongo
77%
1982-90Stan Smyl
64%
1997-00Mark Messier
52%
1970-74Orland Kurtenbach
31%
1990-91Dan Quinn
17%
1990-91Doug Lidster
14%
1975-76Andre Boudrias
8%
1977-79Don Lever
8%
1979-82Kevin McCarthy
8%
1976-77Chris Oddleifson
4%

Score Distribution

Percentile by Number Answered

Percent of People with Each Score

Your Score History

You have not taken this quiz